America in the world
שמור ב:
| מחבר ראשי: | |
|---|---|
| פורמט: | ספר |
| שפה: | אנגלית |
| יצא לאור: |
Cleveland
Meridian
1961
|
| סדרה: | Meridian Documents of American History
|
| נושאים: | |
| תגים: |
הוספת תג
אין תגיות, היה/י הראשונ/ה לתייג את הרשומה!
|
MARC
| LEADER | 00000nam a2200000 a 4500 | ||
|---|---|---|---|
| 001 | UCO1053 | ||
| 003 | CL-VaPUC | ||
| 008 | 000505e19610000US |||||||||||||||||eng|d | ||
| 082 | 0 | 4 | |a 973 |b BAR |2 21 |
| 100 | 0 | |a Barck, Oscar Theodore |e author |9 442818 | |
| 245 | 1 | 0 | |a America in the world |
| 300 | |a 494 p | ||
| 942 | |c BK | ||
| 945 | |d 20000505 00:00:00 |a crobeson | ||
| 260 | |a Cleveland |b Meridian |c 1961 | ||
| 650 | 7 | |a HISTORIA ESTADOUNIDENSE |2 CL-VaPUC |9 350346 | |
| 650 | 7 | |a DOCUMENTOS |2 CL-VaPUC |9 366450 | |
| 650 | 0 | |a Discursos |9 265028 | |
| 650 | 0 | |a Historia diplomática |9 314834 | |
| 650 | 7 | |a PROGRESISMO |2 CL-VaPUC |9 442796 | |
| 650 | 0 | |a Política exterior |9 316628 | |
| 650 | 0 | |a Tratado de Versalles |9 441569 | |
| 650 | 0 | |a Primera Guerra Mundial |9 373283 | |
| 650 | 0 | |a Crisis económica |y 1929 |9 437148 | |
| 650 | 0 | |a Segunda Guerra Mundial |9 325982 | |
| 650 | 0 | |a Posguerra |9 372262 | |
| 651 | 0 | |a Estados Unidos |9 255178 | |
| 583 | |a last modification |c 20000505 00:00:00 |k Rodrigo Vera | ||
| 490 | 0 | |a Meridian Documents of American History | |
| 999 | |c 287686 |d 287684 | ||
| 952 | |0 0 |1 0 |4 0 |6 973_000000000000000_BAR_1961 |7 0 |8 A |9 334642 |a BIBHIS |b BIBHIS |d 2019-11-20 |i 1273248 |o 973 BAR 1961 |p 1273248 |r 2025-01-20 |w 2019-11-20 |y BK |k HIS | ||